The Middle East / (Record no. 187010)
[ view plain ]
| 000 -LEADER | |
|---|---|
| fixed length control field | 01059 a2200169 4500 |
| 003 - CONTROL NUMBER IDENTIFIER | |
| control field | Nust |
| 005 - DATE AND TIME OF LATEST TRANSACTION | |
| control field | 20230210130127.0 |
| 040 ## - CATALOGING SOURCE | |
| Transcribing agency | Nust |
| 082 ## - DEWEY DECIMAL CLASSIFICATION NUMBER | |
| Classification number | 956,HOS |
| 100 ## - MAIN ENTRY--PERSONAL NAME | |
| Personal name | Hoskins Halford L |
| 9 (RLIN) | 108898 |
| 245 ## - TITLE STATEMENT | |
| Title | The Middle East / |
| 260 ## - PUBLICATION, DISTRIBUTION, ETC. | |
| Place of publication, distribution, etc. | New York |
| Name of publisher, distributor, etc. | MacMillan |
| 505 ## - FORMATTED CONTENTS NOTE | |
| Formatted contents note | The Contemporary Middle East I its World Setting (Page-1), Turkey the Straits (Page-18), The Sues Canal as an International Highway (Page-39), The Political Legacy of the Suez Canal (Page-57), Anglo-Egyptian relation in Northeast Africa (Page-78), Israel in the Middle East Complex (Page-98), Aftermath of the Partition of Palestine (Page-120), Arab Nationalism (Page-142), The External Relation of Iran (Page-164), The Oil Factor in idle East Relationship (Page-189), Strategic Aspects of Middle East Oil (Page-214), The Point Four Balance in the Middle East Ledger (Page-232), Question of Strategy in Middle East Defense (Page-255), The Search for Situation of Strength (Page-275). |
| 600 ## - SUBJECT ADDED ENTRY--PERSONAL NAME | |
| Personal name | Halford L.Hoskins |
| 9 (RLIN) | 108899 |
| 650 ## - SUBJECT ADDED ENTRY--TOPICAL TERM | |
| Topical term or geographic name entry element | Middle East |
| 9 (RLIN) | 523 |
| 942 ## - ADDED ENTRY ELEMENTS (KOHA) | |
| Source of classification or shelving scheme | |
| Koha item type | Book |
| Withdrawn status | Lost status | Source of classification or shelving scheme | Damaged status | Not for loan | Permanent Location | Current Location | Shelving location | Date acquired | Full call number | Barcode | Date last seen | Price effective from | Koha item type | Public note |
|---|---|---|---|---|---|---|---|---|---|---|---|---|---|---|
| Military College of Signals (MCS) | Military College of Signals (MCS) | General Stacks | 12/12/2016 | 956,HOS | MCS29528 | 12/08/2016 | 12/12/2016 | Book | Almirah No.62, Shelf No.2 |
